5HLuxD.jpg

KING HENRY VIII SENIOR AND PRIMARY SCHOOL LIBRARY OPAC

AS and A Level Geography: (Record no. 2678)

000 -LEADER
fixed length control field 00536nam a22001937a 4500
003 - CONTROL NUMBER IDENTIFIER
control field OSt
005 - DATE AND TIME OF LATEST TRANSACTION
control field 20230809153722.0
008 - FIXED-LENGTH DATA ELEMENTS--GENERAL INFORMATION
fixed length control field 230809b ||||| |||| 00| 0 eng d
020 ## - INTERNATIONAL STANDARD BOOK NUMBER
International Standard Book Number 9780340746936
040 ## - CATALOGING SOURCE
Transcribing agency KH8
082 ## - DEWEY DECIMAL CLASSIFICATION NUMBER
Classification number 910 JON
100 ## - MAIN ENTRY--PERSONAL NAME
Personal name Jones, David,
Relator term author.
245 ## - TITLE STATEMENT
Title AS and A Level Geography:
Remainder of title Revision /
Statement of responsibility, etc. David Jones.
260 ## - PUBLICATION, DISTRIBUTION, ETC.
Place of publication, distribution, etc. London:
Name of publisher, distributor, etc. Hodder & Stoughton;
Date of publication, distribution, etc. 2000
300 ## - PHYSICAL DESCRIPTION
Dimensions 8.27 x 0.35 x 11.57 inches.
650 ## - SUBJECT ADDED ENTRY--TOPICAL TERM
Topical term or geographic name entry element Geography
Form subdivision Revision book
700 ## - ADDED ENTRY--PERSONAL NAME
Personal name Kimptom, Laurance,
Relator term author.
942 ## - ADDED ENTRY ELEMENTS (KOHA)
Source of classification or shelving scheme
Koha item type Teaching Resources
Holdings
Withdrawn status Lost status Source of classification or shelving scheme Damaged status Not for loan Collection code Permanent Location Current Location Shelving location Date acquired Full call number Barcode Date last seen Price effective from Koha item type
          Teaching Resources KH8 Senior School Library KH8 Senior School Library Staff Office 2023-08-09 910 JON TRKHSL001497 2023-08-09 2023-08-09 Teaching Resources

Powered By KH8 IT Dept